000 00660nam a2200205Ii 4500
003 JO-AjNU
008 230606s9999||||xx |||||||||||||| ||und||
020 _a978-81-224-3119-3
040 _aJO-AjNU
_beng
_erda
_cJO-AjNU
041 _aeng
050 1 4 _aQA312.J34.2011
100 3 _aJain/Gupta/Pankaj,
_eauthor
_93767
245 0 0 _a Lebesgue measure and integration : an introduction
264 3 1 _anew age international publishers:new delhi,2013
300 _a290p
336 _atext
_btxt
_2rdacontent
337 _aunmediated
_bn
_2rdamedia
338 _avolume
_bnc
_2rdacarrier
650 4 _a Lebesgue measure and integration : an introduction
_93768
999 _aE1966
_c1966
_d1966